00566 2200229 4500001002100000005001500021035002000036007000300056008004100059020001500100082001000115084001600125100001300141245004400154260003900198300004100237600002200278990000900300990000900309990000900318990000900327INLIS00000000000834520220729023339 a0010-0421000489ta220729 g 0 ind  a9795188909 a371.2 a371.2 SUD m0 aSudiyono1 aManajemen Pendidikan Tinggi /cSudiyono aJakarta :bPT. Rineka Cipta,c2004 aviii, 114 hlm. ;c20,5 cm x 14, 5 cm 4aPendidikan tinggi a211a a211b a211c a211d